000 00665 a2200241 4500
001 106296
020 _a1558589074 (pbk.)
041 _apor
090 _aP Year 1 [E]
100 _aPfister, Marcus.
250 _a1st pbk. ed.
300 _a[26] p.
697 _aMice - Fiction.
697 _aPenguin Pete (Fictional character) - Fiction.
697 _aPenguins - Fiction.
697 _aPenguin Pete (Fictitious character) - Fiction.
697 _aShips - Fiction.
856 _u00000e/00000e41.jpg
040 _aBR-BrIDEA
_cBR-BrIDEA
245 1 0 _aPenguin Pete, ahoy!
_c Marcus Pfister
260 _a[S.l.]
_bNorth-South Books
_c1998
942 _cBK
999 _c106296
_d106296